000 01179nam0a22002771 4500
001 v19\rc\1945318
005 20260406151638.0
035 _a(NLR Aleph) 005031089
090 _a6691856
_c6691856
100 _a20080428d1913 |||y0rusy50 ca
101 0 _arus
102 _aRU
105 _aag z |||a|
200 1 _aНа рубеже "Смутного времени" и зачинающейся "светлой зари"
_eДрам. картины соч. М. Гейштора
_eК 300-летию воцарения Дома Романовых
_fМуз. Ю.А. Лакса
210 _aСанкт-Петербург
_d[1913]
215 _a32, 48 с., 3 л. ил.
_cнот.
316 _aЭкз. РНБ (20.43.9.418): с автогр. авт.
_5NLR: 20.43.9.418
532 1 3 _aНа рубеже Смутного времени и зачинающейся светлой зари
700 1 _aГейштор
_bМ.
702 1 _aЛакс
_bЮ.А.
_4230
722 _4570
_8rus
_aРомановы (династия)
_f1613-1917
_7ca
_3RU\NLR\AUTH\775442
_9115406
801 0 _aRU
_bNLR
_gpsbo
801 1 _aRU
_bProSoft-M
_2rusmarc
852 _aNLR
_j20.43.9.418
942 _cBOOK
980 _aNB